| 000 -LEADER |
| fixed length control field |
00836nam a2200241Ia 4500 |
| 001 - CONTROL NUMBER |
| control field |
16117 |
| 003 - CONTROL NUMBER IDENTIFIER |
| control field |
GE_BSU |
| 008 - FIXED-LENGTH DATA ELEMENTS--GENERAL INFORMATION |
| fixed length control field |
181216s||||||||xx |||||||||||||| ||und|| |
| 020 ## - INTERNATIONAL STANDARD BOOK NUMBER |
| International Standard Book Number |
99928-76-12-3 |
| 040 ## - CATALOGING SOURCE |
| Transcribing agency |
GE_BSU |
| 080 ## - UNIVERSAL DECIMAL CLASSIFICATION NUMBER |
| Universal Decimal Classification number |
616-092(075.8) |
| 100 ## - MAIN ENTRY--PERSONAL NAME |
| Personal name |
ყიფიანი, ვახტანგ |
| 245 ## - TITLE STATEMENT |
| Title |
ზოგადი პათოფიზიოლოგია. ნ.1 |
| 245 ## - TITLE STATEMENT |
| Statement of responsibility, etc. |
სამეცნ. რედ.: ირინე კვაჭაძე |
| 250 ## - EDITION STATEMENT |
| Edition statement |
მე-2 შევს.და გადამუშ.გამოცემა |
| 260 ## - PUBLICATION, DISTRIBUTION, ETC. |
| Place of publication, distribution, etc. |
თბილისი |
| 260 ## - PUBLICATION, DISTRIBUTION, ETC. |
| Name of publisher, distributor, etc. |
თამარიონი 2002 |
| 260 ## - PUBLICATION, DISTRIBUTION, ETC. |
| Date of publication, distribution, etc. |
2014 |
| 300 ## - PHYSICAL DESCRIPTION |
| Extent |
317გვ.23სმ.ნახ. ილ. |
| 653 ## - INDEX TERM--UNCONTROLLED |
| Uncontrolled term |
ზოგადი პათოფიზიოლოგია. |
| 942 ## - ADDED ENTRY ELEMENTS (KOHA) |
| Koha item type |
წიგნი |